| 000 | 00996cam a2200313 a 4500 | ||
|---|---|---|---|
| 001 | 15628833 | ||
| 003 | OSt | ||
| 005 | 20140310182235.0 | ||
| 008 | 090218s2009 nyu d 000 1 eng | ||
| 010 | _a 2009005257 | ||
| 020 | _a9780545123266 (hardcover : alk. paper) | ||
| 040 |
_aDLC _cDLC _dDLC |
||
| 042 | _alcac | ||
| 050 | 0 | 0 |
_aPZ 7 _b.St855625Sh 2009 |
| 082 | 0 | 0 |
_aFIC _bSt5s 2010 |
| 100 | 1 |
_aStiefvater, Maggie, _d1981- _918621 |
|
| 245 | 1 | 0 |
_aShiver / _cMaggie Stiefvater. |
| 250 | _a1st ed. | ||
| 260 |
_aNew York : _bScholastic Press, _c2009. |
||
| 300 |
_a392 p. ; _c22 cm. |
||
| 650 | 1 |
_aWolves _vFiction. _918622 |
|
| 650 | 1 |
_aHuman-animal relationships _vFiction. _918623 |
|
| 650 | 1 |
_aMetamorphosis _vFiction. _918624 |
|
| 650 | 1 |
_aSupernatural _vFiction. _918625 |
|
| 906 |
_a7 _bcbc _corignew _d1 _eecip _f20 _gy-gencatlg |
||
| 942 |
_2lcc _cBK-FIC _kFIC |
||
| 999 |
_c11010 _d11010 |
||